UBT Library

Mosby's textbook for long-term care assistants / (Record no. 39450)

000 -LEADER
fixed length control field 00746cam a2200241 a 4500
001 - CONTROL NUMBER
control field 13179855
005 - DATE AND TIME OF LATEST TRANSACTION
control field 20171227035114.0
008 - FIXED-LENGTH DATA ELEMENTS--GENERAL INFORMATION
fixed length control field 030429s2003 moua 001 0 eng
010 ## - LIBRARY OF CONGRESS CONTROL NUMBER
LC control number 2003269475
020 ## - INTERNATIONAL STANDARD BOOK NUMBER
International Standard Book Number 0323019196
040 ## - CATALOGING SOURCE
Original cataloging agency DLC
Transcribing agency DLC
Modifying agency DLC
041 ## - LANGUAGE CODE
Language code of text/sound track or separate title eng
080 ## - UNIVERSAL DECIMAL CLASSIFICATION NUMBER
Universal Decimal Classification number 610.736 SOR
082 00 - DEWEY DECIMAL CLASSIFICATION NUMBER
Classification number 610.736 SOR
Edition number 22
100 1# - Rafti
Rafti 3
101 ## - Shkurtesa
Shkurtesa SHM
245 10 - TITLE STATEMENT
Title Mosby's textbook for long-term care assistants /
Statement of responsibility, etc Sheila A. Sorrentino, Bernie Gorek.
246 30 - VARYING FORM OF TITLE
Title proper/short title Textbook for long-term care assistants
246 30 - VARYING FORM OF TITLE
Title proper/short title Long-term care assistants
906 ## - LOCAL DATA ELEMENT F, LDF (RLIN)
a 7
b cbc
c origcop
d 2
e ncip
f 20
g y-gencatlg
942 ## - ADDED ENTRY ELEMENTS (KOHA)
Source of classification or shelving scheme
Item type Books
Holdings
Withdrawn status Lost status Source of classification or shelving scheme Damaged status Not for loan Collection code Permanent location Current location Shelving location Date acquired Total Checkouts Full call number Barcode Date last seen Price effective from Koha item type
          Koleksioni i përgjithshem UBT - Lipjan UBT - Lipjan Koleksioni i përgjithshem 12/27/2017   610.736 SOR 002-2994004 12/27/2017 12/27/2017 Books
UBT Library © 2015-2024. All rights reserved University Education for Business and Technology